Practical botany
Uloženo v:
| Hlavní autor: | |
|---|---|
| Médium: | Kniha |
| Jazyk: | angličtina |
| Vydáno: |
New Central Book Agency,
2015
|
| Tagy: |
Přidat tag
Žádné tagy, Buďte první, kdo vytvoří štítek k tomuto záznamu!
|
MARC
| LEADER | 00000nam a22000007a 4500 | ||
|---|---|---|---|
| 008 | 210126b ||||| |||| 00| 0 eng d | ||
| 020 | |a 978-81-7381-945-2 | ||
| 100 | |a SANTRA, S. C. | ||
| 245 | |a Practical botany |c S. C. Santra |g xiii, 511p.; ill. | ||
| 260 | |b New Central Book Agency, |c 2015 |d Books |h London |i 691678 – Vol. 1, |i 691679 Vol. 2 |l QK47 .Sa5 |m Botany. | ||
| 942 | |a lcc |c BK |e Adekanye I. H. |f 26/01/2021 | ||
| 952 | |0 0 |1 0 |2 lcc |4 0 |6 QK0047 S A5 |7 0 |9 1827 |a HOL |b HOL |c QZ |d 2021-01-26 |l 0 |o QK47 .Sa5 |p 2021-5699 |r 2021-01-26 00:00:00 |w 2021-01-26 |y BK | ||
| 952 | |0 0 |1 0 |2 lcc |4 0 |6 QK0047 S A5 |7 0 |9 1828 |a HOL |b HOL |c QZ |d 2021-01-26 |l 0 |o QK47 .Sa5 |p 2021-5700 |r 2021-01-26 00:00:00 |w 2021-01-26 |y BK | ||
| 999 | |c 961 |d 961 | ||